Mobilné energetické prostriedky 3 traktory a automobily 3

Uložené v:
Podrobná bibliografia
Hlavný autor: Semetko, Jozef
Médium: Kniha
Jazyk:Slovak
Vydavateľské údaje: Bratislava Príroda 1986
Vydanie:2. vyd.
Edícia:Mechanizácia poľnohospodárstva a výstavby
Tagy: Pridať tag
Žiadne tagy, Buďte prvý, kto otaguje tento záznam!

MARC

LEADER 00000nam a2200000 4500
001 c024232
005 20221219100623.9
041 0 |a slo 
044 |a SK 
245 1 0 |a Mobilné energetické prostriedky 3  |b traktory a automobily 3  |c Jozef Semetko a kol. 
250 |a 2. vyd. 
264 1 |a Bratislava  |b Príroda  |c 1986 
300 |a 453 s. 
490 1 |a Mechanizácia poľnohospodárstva a výstavby 
830 0 |a Mechanizácia poľnohospodárstva a výstavby 
100 1 |a Semetko, Jozef